KOHA-Header-6

Yadgar-i-Hali (Record no. 9994)

000 -LEADER
fixed length control field 00255nam a2200109Ia 4500
100 ## - MAIN ENTRY--AUTHOR NAME
Personal name Saleha Abid Hussain
245 #0 - TITLE STATEMENT
Title Yadgar-i-Hali
260 ## - PUBLICATION, DISTRIBUTION, ETC. (IMPRINT)
Place of publication Mirpur
Name of publisher Arsalan Books
Year of publication 2005
300 ## - PHYSICAL DESCRIPTION
Number of Pages 912
942 ## - ADDED ENTRY ELEMENTS (KOHA)
Koha item type Books
Holdings
Withdrawn status Lost status Collection code Permanent Location Current Location Shelving location Date acquired Full call number Accession Number Koha item type
    Urdu Literature MAJU MAJU   2019-09-14 928.914 6066 Urdu Literature

Powered by Koha